000 00665nam a2200217Ia 4500
001 16614
003 GE_BSU
008 181216s||||||||xx |||||||||||||| ||und||
040 _cGE_BSU
100 _aმირნელი, მირიან
245 _aსიღრმეების ექო
245 _bლექსები
245 _cრედ.ც.ქაროსანიძე. მხ.ტ.შეყილაძე
260 _aთბილისი
260 _bმერანი
260 _c1972
300 _a161გვ. ; 16სმ
653 _aლექსები
653 _aსიღრმეების ექო
942 _cBK
999 _c49681
_d49681